Snahu Rómov ocenili zmluvali o trvalom pracovnom pomere obyvatelia Veľkej Idy, Lunika IX a Šace dostali šancu

Bibliographic Details
Format: Article
Language:Slovak
PhysicalDescription:Fotogr.
ISSN:1335-4566
Subjects:

MARC

LEADER 00000nab a2200000 a 4500
001 vtls008418751
003 SK-MaSNL
005 20260303070051.0
008 051215c20051214xo drz 0 0slo
038 |a KEVKJB 
040 |a KEVKJB  |b slo  |c KEVKJB  |e AACR2 
041 0 |a slo 
044 |a xo  |c SK 
080 |a 669.1  |2 UDC-MRF-SK2 
080 |a 331.102.14  |x (=214.58)  |2 UDC-MRF-SK2 
245 0 0 |a Snahu Rómov ocenili zmluvali o trvalom pracovnom pomere  |b obyvatelia Veľkej Idy, Lunika IX a Šace dostali šancu  |c [autor] (sam, pod) 
300 |b Fotogr. 
610 2 7 |a U. S. Steel (Košice, Slovensko)  |2 kevkjb  |9 656260 
650 0 7 |a Rómovia  |x práca  |x vzťah  |2 kevkjb  |9 908878 
651 7 |a Košice (Slovensko)  |2 kevkjb  |9 18694 
655 7 |a romiká   |2 kevkjb  |9 310820 
773 0 |t Košický denník Korzár  |g Roč. VIII, č. 288 (14.12.2005), s. 3  |x 1335-4566 
852 |a KEVKJB  |b KIS3GCP 
999 |c 1753783  |d 1755713